Countries Closest to Africa - 30 Second Sprint - Statistics

General Stats
  • This quiz has been taken 59 times
  • The average score is 10 of 20
Answer Stats
km country miles % Correct
0 Spain 0
87%
202 Portugal 126
83%
183 Israel 114
74%
101 Saudi Arabia 63
72%
570 Oman 354
62%
20 Yemen 13
60%
212 Jordan 132
57%
258 Greece 160
55%
450 France 280
51%
144 Italy 89
51%
352 Cyprus 219
47%
288 Malta 179
47%
507 Turkey 315
40%
332 Lebanon 207
38%
365 Syria 227
38%
21 UK (Gibraltar) 13
34%
645 Iraq 401
23%
737 Monaco 458
21%
549 Vatican City 341
19%
637 Andorra 396
17%
No matching quizzes found
Score Distribution
Percent of People with Each Score
Percentile by Number Answered
Your Score History
You have not taken this quiz